Desarrollo de ventajas competitivas: pymes exportadoras exitosas en Argentina, Chile y Colombia /
Zapisane w:
| 1. autor: | |
|---|---|
| Kolejni autorzy: | , , |
| Format: | Texto |
| Hasła przedmiotowe: | |
| Etykiety: |
Dodaj etykietę
Nie ma etykietki, Dołącz pierwszą etykiete!
|
MARC
| LEADER | 00000 a a2200000 04500 | ||
|---|---|---|---|
| 001 | 16015 | ||
| 003 | |||
| 040 | |||
| 100 | |a Milesi, Dario | ||
| 245 | |a Desarrollo de ventajas competitivas: |b pymes exportadoras exitosas en Argentina, Chile y Colombia / |c Dario Milesi ; Virginia Moori ; Verónica Robert ; Gabriela Yoguel | ||
| 650 | |a PEQUEÑAS EMPRESAS | ||
| 650 | |a EXPORTACIONES | ||
| 650 | |a AMERICA DEL SUR | ||
| 650 | |a ARGENTINA | ||
| 650 | |a CHILE | ||
| 650 | |a COLOMBIA | ||
| 700 | |a Moori, Virginia | ||
| 700 | |a Robert, Verónica | ||
| 700 | |a Yoguel, Gabriela | ||
| 773 | |g número 92; páginas 25- | ||
| 999 | |c 31423 |d 31423 | ||
